Mitología griega (Record no. 70679)

MARC details
000 -LEADER
campo de control de longitud fija 00649nam a2200217 i 4500
001 - NÚMERO DE CONTROL
campo de control 70679
003 - IDENTIFICADOR DE NÚMERO DE CONTROL
campo de control ES-MaACL
005 - FECHA Y HORA DE LA ÚLTIMA TRANSACCIÓN
campo de control 20250907063048.0
007 - CAMPO FIJO DE DESCRIPCIÓN FÍSICA--INFORMACIÓN GENERAL
campo de control de longitud fija t|
008 - DATOS DE LONGITUD FIJA--INFORMACIÓN GENERAL
campo de control de longitud fija 040729s1973 mx ||||1| spa d
100 1# - ENTRADA PRINCIPAL--NOMBRE DE PERSONA
Nombre de persona Garibay K., Angel María,
Fechas asociadas al nombre 1892-1967
9 (RLIN) 55550
245 10 - MENCIÓN DEL TÍTULO
Título Mitología griega
Resto del título : dioses y héroes /
Mención de responsabilidad, etc. Angel María Garibay K.
250 ## - MENCION DE EDICION
Mención de edición 4ª ed.
260 ## - PUBLICACIÓN, DISTRIBUCIÓN, ETC.
Lugar de publicación, distribución, etc. México :
Nombre del editor, distribuidor, etc. Porrúa,
Fecha de publicación, distribución, etc. 1973.
300 ## - DESCRIPCIÓN FÍSICA
Extensión XV, 260 p. ;
Dimensiones 22 cm.
490 1# - MENCIÓN DE SERIE
Mención de serie Sepan cuantos... ;
Designación de volumen o secuencia 31
650 04 - PUNTO DE ACCESO ADICIONAL DE MATERIA--TÉRMINO DE MATERIA
Término de materia o nombre geográfico como elemento de entrada Mitología griega.
9 (RLIN) 15104
830 00 - PUNTO DE ACCESO ADICIONAL DE SERIE-TÍTULO UNIFORME
Título uniforme Sepan cuantos_
Designación de volumen o secuencia 31
9 (RLIN) 180801
852 ## - LOCALIZACIÓN
Ubicación ES-MaACL
Número de control de estantería E-9382
Sublocalización o colección R.94097
Holdings
Estatus retirado Estado de pérdida Estado de daño No para préstamo Biblioteca de origen Biblioteca actual Ubicación en estantería Fecha de adquisición Fuente de adquisición Total de préstamos Signatura topográfica completa Código de barras Visto por última vez Precio de reemplazo Tipo de ítem Koha
        Biblioteca del Ateneo de Madrid Biblioteca del Ateneo de Madrid Depósito 2 17/01/2008     E-9382 1074007 23/02/2023 23/02/2023 Libro impreso